000 00477nam a2200181Ia 4500
001 1534
005 20260306143735.0
008 260306t1997||||xx |||||||||||||| ||spa||
041 _aESP
082 _a150.9
_bB61
100 _aBlanco, Federico
_eAUT
245 0 _aHistoria de la Psicología Española :
_bDesde una perspectiva socio-institucional
260 _c1997
300 _a255 páginas :
_c24 x 17 cm.
650 _aGEN
654 _aCPS
942 _cLIB
_dJUS
_fJUS
_2ddc
_n
999 _c1534
_d1534